000 01203nam a2200241Ia 4500
999 _c56102
_d56102
001 23203
003 GE_BSU
005 20230725114753.0
008 181216s2018||||ge |||||||||||||| ||geo||
020 _a9789941462733
040 _cGE_BSU
041 _ageo
080 _a94(479.223)(093.4)+930.253(479.223) ტ-13
100 _aტაბაღუა, სერგო
_919532
245 _aაჭარის ავტონომია საარქივო პირველწყაროებსა და მასალებში (1918-1937წწ.) /
_cსერგო ტაბაღუა ; რედ. ო. თურმანიძე.
264 _aბათუმი :
_bბათუმის შოთა რუსთაველის სახ. უნ-ტი,
_c2018.
300 _a327 გვ. ;
_bფოტო
_c21 სმ.
541 _h9ლ. 83თ.
653 _aაჭარის ავტონომია საარქივო პირველწყაროებსა და მასალებში (1918-1937წწ.)
653 _aისტორია
700 _aთურმანიძე, ო.
_eრედაქტორი
_919533
942 _cBK
_2udc